Statistiken für Länder, die Spanien am Nächsten Liegen

Klicken Sie hier um das Quiz zu spielen!

Allgemein

  • Dieses Quiz wurde 13.661 mal gespielt
  • Das Durchschnittsergebnis liegt bei 16 aus 20

Antwortstatistiken

KmLand% Korrekt
0Frankreich
99%
0Portugal
99%
334Italien
97%
671Deutschland
96%
0Andorra
94%
468Schweiz
94%
0Marokko
92%
805Belgien
90%
724Österreich
89%
68Algerien
85%
811Luxemburg
83%
498Tunesien
82%
374Monaco
80%
0Gibraltar
(Vereinigtes Königreich)
77%
716Liechtenstein
76%
760San Marino
73%
719Vatikanstadt
73%
860Irland
57%
314Mauretanien
54%
816Mali
51%

Verteilung der Resultate

Perzentil nach korrekt beantworteten Fragen

Anzahl Personen mit jedem Resultat

Ihre Resultats-Entwicklung

Sie haben dieses Quiz noch nicht gespielt